[Event "CCLA Team Champ, Div 2 Bd 3, S91139"]
[Site "CCLA"]
[Date "2019.10.14"]
[Round "?"]
[White "Zarges, Ron V."]
[Black "Vecchio, Ralph"]
[Result "1-0"]
[WhiteElo "1687"]
[BlackElo "1450"]
[Board "3"]
[WhiteTeam "Norsemen"]
[BlackTeam "Idaho Mountaineers"]

1. e4 e5 2. Nf3 Nc6 3. Bb5 Nf6 4. d3 Bc5 5. c3 O-O 6. O-O d6 7. Nbd2 a6 8.
 Ba4 b5 9. Bc2 Bb7 10. Re1 Ng4 11. d4 exd4 12. cxd4 Nxd4 13. Nxd4 Qh4 14. 
N2f3 Qxf2+ 15. Kh1 Qxd4 16. Qxd4 Bxd4 17. Nxd4 Rfe8 18. Kg1 h6 19. Bd2 Ne5
20. b3 Bc8 21. h3 c5 22. Nf5 Bxf5 23. exf5 f6 24. Be4 Rac8 25. Bd5+ Nf7 
26. Bf4 Rxe1+ 27. Rxe1 Kf8 28. Bxf7 Kxf7 29. Bxd6 Re8 30. Rxe8 Kxe8 31. 
Bxc5 Kf7 32. Kf2 Ke8 33. Ke3 Kd7 34. Bf8 h5 35. Bxg7 Ke7 36. Kd4 Kf7 37. 
Bh6 Ke7 38. Kc5 Kd7 39. Bg7 Ke7 40. Kb6 Kf7 41. Bh8 1-0

[Event "CCLA Team Champ, Div 2 Bd 3, S91139"]
[Site "CCLA"]
[Date "2019.10.14"]
[Round "?"]
[White "Zarges, Ron V."]
[Black "Jimenez, Jose"]
[Result "1-0"]
[WhiteElo "1687"]
[BlackElo "1163"]
[Board "3"]
[WhiteTeam "Norsemen"]
[BlackTeam "Snowbirds"]

1. e4 e5 2. Nf3 Nc6 3. Bb5 a6 4. Ba4 b5 5. Bb3 Qf6 6. O-O d6 7. h3 Qf4 8. 
d3 Qf6 9. Nc3 b4 10. Nd5 Qd8 11. Ba4 Bd7 12. Bxc6 Bxc6 13. Nxb4 Qd7 14. 
Nxc6 Qxc6 15. Bg5 h6 16. Bd2 O-O-O 17. c4 g5 18. g4 Nf6 19. Nh2 Be7 20. b4
h5 21. Bxg5 Rhg8 22. Bxf6 Bxf6 23. Kh1 h4 24. a4 Bg5 25. b5 Qc5 26. bxa6 
Kd7 27. Rb1 Ra8 28. Rb5 Qa3 29. Qb3 Qxb3 30. Rxb3 Rxa6 31. Ra1 Rga8 32. 
Rba3 Bf4 33. a5 c5 34. Nf3 Rh8 35. Rb3 Kc6 36. Rb5 f6 37. Kg2 Rh7 38. Rb8 
Kc7 39. Rab1 Rd7 40. R1b7+ Kc6 41. Rxd7 Kxd7 42. Nxh4 Rxa5 43. Rb1 Ra3 44.
 Rd1 Rc3 45. Nf5 Kc6 46. Ne7+ Kb6 47. Nd5+ 1-0

[Event "CCLA Team Champ, Div 2 Bd 3, S91139"]
[Site "CCLA"]
[Date "2019.10.14"]
[Round "?"]
[White "Zarges, Ron V."]
[Black "Avery, Bryce"]
[Result "1/2-1/2"]
[WhiteElo "1687"]
[BlackElo "1684"]
[Board "3"]
[WhiteTeam "Norsemen"]
[BlackTeam "Castles West "]

1. e4 Nf6 2. e5 Nd5 3. c4 Nb6 4. c5 Nd5 5. Nc3 Nxc3 6. dxc3 Nc6 7. Nf3 e6 
8. b4 d6 9. cxd6 cxd6 10. Bf4 dxe5 11. Nxe5 Nxe5 12. Qxd8+ Kxd8 13. Bxe5 
f6 14. Rd1+ Ke8 15. Bb5+ Kf7 16. Bc7 Be7 17. O-O e5 18. Bd6 Rd8 19. Bxe7 
Kxe7 20. Rxd8 Kxd8 21. Rd1+ Ke7 22. Bd3 h6 23. Be4 f5 24. Bd5 Rb8 25. c4 
Be6 26. Bxe6 Kxe6 27. Kf1 b6 28. Ke2 Rc8 29. Rc1 e4 30. f4 Rd8 31. Rd1 
Rxd1 32. Kxd1 g5 33. g3 gxf4 34. gxf4 Kd6 1/2-1/2

[Event "CCLA Team Champ, Div 2 Bd 3, S91139"]
[Site "CCLA"]
[Date "2019.10.14"]
[Round "?"]
[White "Acosta, Errol"]
[Black "Berger, Byron"]
[Result "1-0"]
[WhiteElo "1391"]
[BlackElo "1397"]
[Board "5"]
[WhiteTeam "Idaho Mountaineers"]
[BlackTeam "Castles West "]

1. e4 e5 2. f4 d5 3. Qe2 exf4 4. d3 Qh4+ 5. Kd1 dxe4 6. Qxe4+ Qe7 7. Qxf4 
Nf6 8. Be2 Nc6 9. Nf3 Be6 10. Nc3 O-O-O 11. Be3 Qd6 12. Qa4 Kb8 13. a3 Ng4
14. Bg1 g6 15. Nb5 Qd7 16. Bxa7+ Nxa7 17. Qxa7+ 1-0

[Event "CCLA Team Champ, Div 2 Bd 3, S91139"]
[Site "CCLA"]
[Date "2019.10.14"]
[Round "?"]
[White "Acosta, Errol"]
[Black "Fisher Jr., Arthur"]
[Result "0-1"]
[WhiteElo "1391"]
[BlackElo "1625"]
[Board "5"]
[WhiteTeam "Idaho Mountaineers"]
[BlackTeam "Norsemen"]

1. e4 e5 2. f4 exf4 3. Nf3 g5 4. h4 g4 5. Ng5 h6 6. Nxf7 Kxf7 7. Bc4+ d5 
8. Bxd5+ Ke8 9. O-O Nf6 10. Nc3 Bb4 11. Rxf4 Bxc3 12. dxc3 Nxd5 13. exd5 
Nc6 14. Re4+ Ne7 15. b3 Bf5 16. Re5 Qd6 17. Bf4 Qc5+ 18. Kh1 Rh7 19. Qe1 
Kd7 20. Rd1 Ng6 21. Rxf5 Nxf4 22. Rxf4 Re8 23. Qg3 h5 24. Rc4 Qd6 25. Qd3 
Rhe7 26. Qf5+ Kd8 27. Qg5 Kc8 28. Qd2 Re2 29. Qc1 Qg3 0-1

[Event "CCLA Team Champ, Div 2 Bd 3, S91139"]
[Site "CCLA"]
[Date "2019.10.14"]
[Round "?"]
[White "Benson, Katie J."]
[Black "Berger, Byron"]
[Result "0-1"]
[WhiteElo "1106"]
[BlackElo "1397"]
[Board "5"]
[WhiteTeam "Snowbirds"]
[BlackTeam "Castles West "]

1. e4 e6 2. d4 d5 3. exd5 exd5 4. Nc3 Nf6 5. Bg5 Be7 6. Nf3 O-O 7. Bxf6 
Bxf6 8. Be2 Bg4 9. h3 Bf5 10. O-O Nc6 11. Bb5 a6 12. Bxc6 bxc6 13. Re1 Re8
14. b3 Qd6 0-1

[Event "CCLA Team Champ, Div 2 Bd 3, S91139"]
[Site "CCLA"]
[Date "2019.10.14"]
[Round "?"]
[White "Benson, Katie J."]
[Black "Fisher Jr., Arthur"]
[Result "0-1"]
[WhiteElo "1106"]
[BlackElo "1625"]
[Board "5"]
[WhiteTeam "Snowbirds"]
[BlackTeam "Norsemen"]

1. e4 c5 2. c4 e6 3. Nf3 Nc6 4. Nc3 d6 5. d4 cxd4 6. Nxd4 Nf6 7. Bg5 Be7 
8. Nxc6 bxc6 9. e5 dxe5 10. Qxd8+ Bxd8 11. Bxf6 Bxf6 12. g3 Bb7 13. Bg2 
O-O 14. O-O Rfd8 15. Ne4 Be7 0-1

[Event "CCLA Team Champ, Div 2 Bd 3, S91139"]
[Site "CCLA"]
[Date "2019.10.14"]
[Round "?"]
[White "Berger, Byron"]
[Black "Acosta, Errol"]
[Result "0-1"]
[WhiteElo "1397"]
[BlackElo "1391"]
[Board "5"]
[WhiteTeam "Castles West "]
[BlackTeam "Idaho Mountaineers"]

1. e4 e6 2. d4 d5 3. exd5 exd5 4. c4 c6 5. Nc3 Nf6 6. Nf3 Be7 7. Bd3 O-O 
8. O-O h6 9. Re1 Nbd7 10. Ne5 b6 11. Re3 Nxe5 12. Rxe5 c5 13. Qf3 Ng4 14. 
Rxd5 Qc7 15. Bxh6 Qxh2+ 16. Kf1 Qh1+ 0-1

[Event "CCLA Team Champ, Div 2 Bd 3, S91139"]
[Site "CCLA"]
[Date "2019.10.14"]
[Round "?"]
[White "Berger, Byron"]
[Black "Fisher Jr., Arthur"]
[Result "1/2-1/2"]
[WhiteElo "1397"]
[BlackElo "1625"]
[Board "5"]
[WhiteTeam "Castles West "]
[BlackTeam "Norsemen"]

1. Nc3 Nf6 2. d4 d5 3. Bg5 e6 4. e4 dxe4 5. Nxe4 Be7 6. Bxf6 Bxf6 7. Nxf6+
Qxf6 8. Nf3 Nc6 9. Bd3 Bd7 10. c3 O-O-O 11. O-O h6 12. Qe2 Kb8 13. Rfe1 
Bc8 14. Bb5 Ne7 15. Qe5 Qxe5 16. Nxe5 Rhf8 17. Re3 f6 18. Nf3 Nd5 19. Re2 
c6 20. Bc4 Rde8 21. Rae1 Re7 22. g3 f5 23. Ne5 Rf6 24. Bd3 g5 25. a3 h5 
26. c4 Nc7 27. Nf3 g4 28. Nh4 b5 29. c5 Ref7 30. Ng2 Nd5 31. Bc2 f4 32. 
Re4 fxg3 33. fxg3 Rf2 34. R4e2 Rxe2 35. Rxe2 b4 36. Bg6 Rf3 37. Bxh5 bxa3 
38. bxa3 Rxa3 39. Bxg4 Rd3 40. Bxe6 Rxd4 41. Bxc8 Kxc8 42. h4 Nc3 43. Re1 
Ne4 44. h5 Nxg3 45. h6 Rd8 46. Re7 Nf5 47. Re6 Nxh6 48. Rxc6+ Kb7 49. Rxh6
Rd5 50. c6+ Kc7 51. Rh7+ Kxc6 52. Rxa7 1/2-1/2

[Event "CCLA Team Champ, Div 2 Bd 3, S91139"]
[Site "CCLA"]
[Date "2019.10.14"]
[Round "?"]
[White "Fisher Jr., Arthur"]
[Black "Acosta, Errol"]
[Result "1-0"]
[WhiteElo "1625"]
[BlackElo "1391"]
[Board "5"]
[WhiteTeam "Norsemen"]
[BlackTeam "Idaho Mountaineers"]

1. e4 e6 2. d4 d5 3. exd5 exd5 4. Nf3 c6 5. Bd3 Bd6 6. O-O Nf6 7. Bg5 Be7 
8. Nbd2 O-O 9. Re1 Nbd7 10. c3 Nb6 11. Qc2 c5 12. Bxh7+ Nxh7 13. Bxe7 Qe8 
14. Bxc5 Qd7 15. Bxf8 Nxf8 16. Ne5 Qf5 17. Qxf5 Bxf5 18. Rac1 Ne6 19. Ndf3
Nf4 20. Rcd1 Be4 21. Ng5 f6 22. Nxe4 dxe4 23. Ng4 f5 24. Ne5 Nd3 25. Nxd3 
exd3 26. Rxd3 Kf7 27. Rde3 Kf8 28. Re7 Rb8 29. b3 Nd5 30. R7e5 Nxc3 31. 
Rxf5+ Kg8 32. Re7 Nxa2 33. Rff7 Nc3 34. Rxg7+ Kh8 35. Rh7+ Kg8 36. Reg7+ 
Kf8 37. Rxb7 Rxb7 38. Rxb7 Ne2+ 39. Kf1 Nxd4 40. Rxa7 Nxb3 41. Ke2 Nc5 42.
 Ke3 Ne6 43. f4 Ng7 44. g4 Ne8 45. g5 Ng7 46. Rxg7 Kxg7 47. f5 Kf7 48. Ke4
Kg7 49. Ke5 Kf7 50. f6 Kf8 51. Ke6 Ke8 52. f7+ Kf8 53. g6 Kg7 54. Ke7 Kxg6
55. f8=Q Kh7 56. Qf5+ Kh8 57. Qg5 Kh7 58. Kf7 Kh8 59. Qh6# 1-0

[Event "CCLA Team Champ, Div 2 Bd 3, S91139"]
[Site "CCLA"]
[Date "2019.10.14"]
[Round "?"]
[White "Fisher Jr., Arthur"]
[Black "Benson, Katie J."]
[Result "1-0"]
[WhiteElo "1625"]
[BlackElo "1106"]
[Board "5"]
[WhiteTeam "Norsemen"]
[BlackTeam "Snowbirds"]

1. d4 Nf6 2. Nf3 d5 3. g3 Nc6 4. Bg2 e6 5. O-O Be7 6. Bg5 h6 7. Bd2 O-O 8.
 Nc3 Bb4 9. Re1 Bxc3 10. Bxc3 b6 11. Nd2 1-0

[Event "CCLA Team Champ, Div 2 Bd 3, S91139"]
[Site "CCLA"]
[Date "2019.10.14"]
[Round "?"]
[White "Fisher Jr., Arthur"]
[Black "Berger, Byron"]
[Result "1-0"]
[WhiteElo "1625"]
[BlackElo "1397"]
[Board "5"]
[WhiteTeam "Norsemen"]
[BlackTeam "Castles West "]

1. e4 e6 2. d4 d5 3. exd5 exd5 4. Nf3 Nf6 5. Bg5 Be7 6. Bd3 O-O 7. O-O Bg4
8. Nbd2 Nbd7 9. c3 c5 10. Re1 c4 11. Bc2 Re8 12. b3 b5 13. bxc4 bxc4 14. 
Ba4 h6 15. Bxf6 Bxf6 16. Rxe8+ Qxe8 17. Bc6 Rd8 18. Bxd5 Nb6 19. Bxc4 Qc6 
20. Qb3 Nxc4 21. Qxc4 Bxf3 22. gxf3 Qxc4 23. Nxc4 Rc8 24. Ne3 Rxc3 25. Rd1
Bg5 26. f4 Bf6 27. d5 Rc8 28. Kg2 Rd8 29. Kf3 Be7 30. Rg1 Bc5 31. Nf5 Bf8 
32. Nxh6+ 1-0

[Event "CCLA Team Champ, Div 2 Bd 3, S91139"]
[Site "CCLA"]
[Date "2019.10.14"]
[Round "?"]
[White "Siegfried, Will"]
[Black "Lines, Daniel"]
[Result "1-0"]
[WhiteElo "1590"]
[BlackElo "1222"]
[Board "2"]
[WhiteTeam "Idaho Mountaineers"]
[BlackTeam "Snowbirds"]

1. e4 e5 2. Bc4 Nf6 3. d3 d6 4. Nc3 Nc6 5. f4 Nd4 6. f5 a6 7. a3 b5 8. Ba2
Be7 9. Nd5 Nxd5 10. Bxd5 Rb8 11. c3 Nxf5 12. exf5 Bxf5 13. Nf3 O-O 14. Be3
h6 15. O-O Kh8 16. Ba2 Bg4 17. Qd2 Bxf3 18. Rxf3 c5 19. Bxh6 Bf6 20. Rh3 
1-0

[Event "CCLA Team Champ, Div 2 Bd 3, S91139"]
[Site "CCLA"]
[Date "2019.10.14"]
[Round "?"]
[White "Siegfried, Will"]
[Black "Cacas, Alexander"]
[Result "0-1"]
[WhiteElo "1590"]
[BlackElo "1759"]
[Board "2"]
[WhiteTeam "Idaho Mountaineers"]
[BlackTeam "Castles West "]

1. e4 c5 2. Nf3 d6 3. d4 cxd4 4. Nxd4 Nf6 5. Nc3 g6 6. f3 Bg7 7. Be3 O-O 
8. Qd2 Nc6 9. O-O-O d5 10. Kb1 Nxd4 11. e5 Nf5 12. exf6 Bxf6 13. Nxd5 Qxd5
14. Qxd5 Nxe3 15. Qd2 Nxd1 16. Qxd1 Be6 17. Bd3 Rfd8 18. Qe2 Rd6 19. Re1 
Rad8 20. f4 Rb6 21. b3 a5 22. g4 a4 23. f5 axb3 24. fxe6 bxa2+ 0-1

[Event "CCLA Team Champ, Div 2 Bd 3, S91139"]
[Site "CCLA"]
[Date "2019.10.14"]
[Round "?"]
[White "Siegfried, Will"]
[Black "Disque, Philip"]
[Result "0-1"]
[WhiteElo "1590"]
[BlackElo "1721"]
[Board "2"]
[WhiteTeam "Idaho Mountaineers"]
[BlackTeam "Norsemen"]

1. e4 c5 2. Nf3 g6 3. d4 cxd4 4. Nxd4 Nc6 5. Nc3 Bg7 6. Be3 Nf6 7. f3 O-O 
8. Qd2 d5 9. Nxc6 bxc6 10. O-O-O Be6 11. e5 Nd7 12. f4 Nb6 13. h4 Bg4 14. 
Re1 Qc8 15. Bc5 Qb7 16. Nd1 Rfe8 17. Ne3 Be6 18. g4 Nc4 19. Bxc4 dxc4 20. 
h5 Rab8 21. Ba3 Red8 22. Qh2 c3 23. hxg6 Bxa2 24. Qxh7+ Kf8 25. Nd1 Qd7 
26. Re2 Qd2+ 27. Rxd2 cxd2# 0-1

[Event "CCLA Team Champ, Div 2 Bd 3, S91139"]
[Site "CCLA"]
[Date "2019.10.14"]
[Round "?"]
[White "Lines, Daniel"]
[Black "Siegfried, Will"]
[Result "0-1"]
[WhiteElo "1222"]
[BlackElo "1590"]
[Board "2"]
[WhiteTeam "Snowbirds"]
[BlackTeam "Idaho Mountaineers"]

1. d4 f5 2. f4 Nf6 3. Nc3 b6 4. Nf3 Bb7 5. e3 g6 6. Be2 Bg7 7. O-O O-O 8. 
b3 h6 9. h3 d6 10. a4 Nbd7 11. Bd2 Ne4 12. Nxe4 Bxe4 13. c4 Nf6 14. Nh2 
Bb7 15. Bf3 Ne4 16. Bxe4 Bxe4 17. Ra2 e6 18. Qe2 Qd7 19. Rfa1 a5 20. g4 
fxg4 21. Qxg4 Qf7 22. Nf1 e5 23. fxe5 Qf2# 0-1

[Event "CCLA Team Champ, Div 2 Bd 3, S91139"]
[Site "CCLA"]
[Date "2019.10.14"]
[Round "?"]
[White "Lines, Daniel"]
[Black "Cacas, Alexander"]
[Result "0-1"]
[WhiteElo "1222"]
[BlackElo "1759"]
[Board "2"]
[WhiteTeam "Snowbirds"]
[BlackTeam "Castles West "]

1. d4 Nf6 2. c4 e6 3. Nc3 Bb4 4. Bd2 O-O 5. a3 Be7 6. e4 d6 7. h3 Nbd7 8. 
Nf3 e5 9. dxe5 Nxe5 10. Nxe5 dxe5 11. Be2 c6 12. O-O Qc7 13. Bg5 Be6 14. 
Bxf6 Bxf6 15. b4 Rfd8 16. Qc2 Rd4 17. Rfd1 Rad8 18. Rxd4 exd4 19. Nd1 d3 
0-1

[Event "CCLA Team Champ, Div 2 Bd 3, S91139"]
[Site "CCLA"]
[Date "2019.10.14"]
[Round "?"]
[White "Lines, Daniel"]
[Black "Disque, Philip"]
[Result "0-1"]
[WhiteElo "1222"]
[BlackElo "1721"]
[Board "2"]
[WhiteTeam "Snowbirds"]
[BlackTeam "Norsemen"]

1. d4 e6 2. e4 d5 3. exd5 exd5 4. Nc3 Bb4 5. Bd2 Nf6 6. a3 Be7 7. Nf3 O-O 
8. Be2 Nc6 9. h3 Be6 10. Ne5 Nxd4 11. O-O Nxe2+ 12. Nxe2 Ne4 13. Bf4 c5 
14. Ng3 Nxg3 15. Bxg3 f6 16. Nd3 g5 17. b4 b6 18. Re1 Bf7 19. bxc5 bxc5 
20. f3 c4 21. Nc1 Bc5+ 22. Bf2 Bxf2+ 23. Kxf2 Qb6+ 24. Kf1 Rfe8 25. Rxe8+ 
Rxe8 26. Ne2 Rb8 27. Qd4 Qxd4 28. Nxd4 Rb6 29. a4 Be8 30. a5 Ra6 31. c3 
Bg6 32. g4 Kf7 33. Nf5 Bxf5 34. gxf5 h5 35. Ke2 d4 36. cxd4 Ke7 37. Kd2 
Rd6 38. Kc3 Rd5 39. Kxc4 Rxf5 0-1

[Event "CCLA Team Champ, Div 2 Bd 3, S91139"]
[Site "CCLA"]
[Date "2019.10.14"]
[Round "?"]
[White "Cacas, Alexander"]
[Black "Siegfried, Will"]
[Result "1-0"]
[WhiteElo "1759"]
[BlackElo "1590"]
[Board "2"]
[WhiteTeam "Castles West "]
[BlackTeam "Idaho Mountaineers"]

1. d4 f5 2. g3 Nf6 3. Bg2 d6 4. Nf3 g6 5. O-O Bg7 6. c4 O-O 7. Nc3 Qe8 8. 
d5 Na6 9. Nd4 Bd7 10. Rb1 c6 11. b3 Nc7 12. Bb2 c5 13. Nf3 Rb8 14. Nd2 b5 
15. e3 bxc4 16. bxc4 e5 17. dxe6 Bxe6 18. Qe2 Qd7 19. Rfd1 Rfe8 20. Ba1 
Kf7 21. Nf3 h6 22. Rxb8 Rxb8 23. Ne5+ dxe5 24. Rxd7+ Nxd7 25. Qd1 Ne8 26. 
Bd5 Nb6 27. Qb3 Nd6 28. Bxe6+ Kxe6 29. Nd5 Nd7 30. Qc2 Nb6 31. Nxb6 Rxb6 
32. a3 Bf6 33. Kg2 g5 34. Qd3 Ke7 35. Qd5 1-0

[Event "CCLA Team Champ, Div 2 Bd 3, S91139"]
[Site "CCLA"]
[Date "2019.10.14"]
[Round "?"]
[White "Cacas, Alexander"]
[Black "Lines, Daniel"]
[Result "1-0"]
[WhiteElo "1759"]
[BlackElo "1222"]
[Board "2"]
[WhiteTeam "Castles West "]
[BlackTeam "Snowbirds"]

1. e4 e5 2. Nf3 Nc6 3. Bb5 Nge7 4. O-O a6 5. Ba4 b5 6. Bb3 Nd4 7. Nxd4 
exd4 8. d3 Nc6 9. a3 Bc5 10. Nd2 O-O 11. Nf3 h6 12. Bf4 Bb7 13. Qd2 g5 14.
 Bg3 Kh7 15. Bd5 f5 16. exf5 Rxf5 17. Be4 Qf6 18. Qe2 1-0

[Event "CCLA Team Champ, Div 2 Bd 3, S91139"]
[Site "CCLA"]
[Date "2019.10.14"]
[Round "?"]
[White "Cacas, Alexander"]
[Black "Disque, Philip"]
[Result "1-0"]
[WhiteElo "1759"]
[BlackElo "1721"]
[Board "2"]
[WhiteTeam "Castles West "]
[BlackTeam "Norsemen"]

1. e4 c5 2. Nf3 g6 3. d4 cxd4 4. Qxd4 Nf6 5. Nc3 Nc6 6. Qa4 Bg7 7. Bb5 O-O
8. O-O Qc7 9. h3 Ne5 10. Nxe5 Qxe5 11. Bd3 Qb8 12. Be3 d6 13. Rad1 Nd7 14.
 Nd5 Bf6 15. Nxf6+ Nxf6 16. c3 a6 17. Bd4 Bd7 18. Qc2 Qc8 19. Bxf6 exf6 
20. Be2 Qc7 21. Qd2 Bc6 22. Qxd6 Qxd6 23. Rxd6 Bxe4 24. Rxf6 Kg7 25. Rd6 
Rfe8 26. Bc4 Bc2 27. Rd7 Rf8 28. Rxb7 a5 29. Re1 Rac8 30. b3 a4 31. Ree7 
axb3 32. axb3 Rce8 33. Rxe8 Rxe8 34. Rxf7+ Kh6 35. Kf1 Ra8 36. Re7 Ra1+ 
37. Re1 Ra8 38. Rc1 Be4 39. b4 Bb7 40. b5 Rc8 41. Be2 Rc5 42. c4 Rg5 43. 
Bf3 Bc8 44. b6 1-0

[Event "CCLA Team Champ, Div 2 Bd 3, S91139"]
[Site "CCLA"]
[Date "2019.10.14"]
[Round "?"]
[White "Disque, Philip"]
[Black "Lines, Daniel"]
[Result "1-0"]
[WhiteElo "1721"]
[BlackElo "1222"]
[Board "2"]
[WhiteTeam "Norsemen"]
[BlackTeam "Snowbirds"]

1. Nf3 Nf6 2. c4 c5 3. Nc3 e6 4. g3 b6 5. Bg2 Be7 6. O-O O-O 7. Ne5 Nc6 8.
 Nxc6 dxc6 9. Bxc6 Rb8 10. d3 Qc7 11. Bg2 Bb7 12. Nb5 Qc8 13. Nxa7 Qc7 14.
 Nb5 Qc8 15. Bf4 Ra8 16. Bxb7 Qxb7 17. a4 Qc6 18. Re1 Kh8 19. Be5 Nd7 20. 
Bc3 Bd6 21. b3 Be5 22. f4 Bxc3 23. Nxc3 1-0

[Event "CCLA Team Champ, Div 2 Bd 3, S91139"]
[Site "CCLA"]
[Date "2019.10.14"]
[Round "?"]
[White "Disque, Philip"]
[Black "Cacas, Alexander"]
[Result "1/2-1/2"]
[WhiteElo "1721"]
[BlackElo "1759"]
[Board "2"]
[WhiteTeam "Norsemen"]
[BlackTeam "Castles West"]

1. Nf3 Nf6 2. c4 g6 3. Nc3 Bg7 4. e4 d6 5. d4 O-O 6. Be2 e5 7. O-O Nc6 8. 
d5 Ne7 9. b4 Nh5 10. Re1 f5 11. Ng5 Nf6 12. f3 h6 13. Ne6 Bxe6 14. dxe6 c6
15. Be3 Qc7 16. Rb1 Rfd8 17. b5 Qc8 18. bxc6 bxc6 19. Qa4 Kh7 20. exf5 
Nxf5 21. Bf2 Re8 22. Bd3 Rxe6 23. Ne4 Qc7 24. Bb6 Qc8 25. Bf2 Qc7 26. g4 
Ne7 27. Rb3 Nxe4 28. fxe4 c5 29. Reb1 Qc6 30. Qb5 Qxb5 31. Rxb5 Nc6 32. 
R1b2 Re7 33. Rb7 Rae8 34. Rxe7 Rxe7 35. Bc2 Na5 36. Bd3 Bf6 37. h4 Rb7 38.
 Rxb7+ Nxb7 39. Be1 Bd8 40. Kf1 Ba5 41. Bf2 Nd8 42. Be3 Ne6 43. Kf2 
1/2-1/2

[Event "CCLA Team Champ, Div 2 Bd 3, S91139"]
[Site "CCLA"]
[Date "2019.10.14"]
[Round "?"]
[White "Lyons, Brenda M."]
[Black "Lyons, Gage W."]
[Result "0-1"]
[WhiteElo "1209"]
[BlackElo "1128"]
[Board "6"]
[WhiteTeam "Idaho Mountaineers"]
[BlackTeam "Snowbirds"]

1. d4 Nf6 2. c4 g6 3. Nf3 Bg7 4. g3 d5 5. cxd5 Nxd5 6. Bg2 Nb6 7. Nc3 Nc6 
8. e3 O-O 9. O-O Re8 10. Re1 a5 11. Qc2 Be6 12. Nd2 Nb4 13. Rd1 c6 14. a3 
N4d5 15. Nc4 Bf5 16. Nxd5 Bxc2 0-1

[Event "CCLA Team Champ, Div 2 Bd 3, S91139"]
[Site "CCLA"]
[Date "2019.10.14"]
[Round "?"]
[White "Lyons, Brenda M."]
[Black "Sanchez, David A."]
[Result "0-1"]
[WhiteElo "1209"]
[BlackElo "1449"]
[Board "6"]
[WhiteTeam "Idaho Mountaineers"]
[BlackTeam "Castles West "]

1. e4 e5 2. Nf3 Nc6 3. Bc4 Nf6 4. d4 exd4 5. Bg5 d6 6. Nxd4 Nxd4 7. Bxf6 
Qxf6 8. O-O Be6 9. Bxe6 Nxe6 10. Nc3 c6 11. Re1 O-O-O 12. Ne2 Be7 13. c3 
Qg6 0-1

[Event "CCLA Team Champ, Div 2 Bd 3, S91139"]
[Site "CCLA"]
[Date "2019.10.14"]
[Round "?"]
[White "Lyons, Gage W."]
[Black "Lyons, Brenda M."]
[Result "1/2-1/2"]
[WhiteElo "1128"]
[BlackElo "1209"]
[Board "6"]
[WhiteTeam "Snowbirds"]
[BlackTeam "Idaho Mountaineers"]

1. c4 e5 2. g3 Nc6 3. Nc3 g6 4. Bg2 Bg7 5. e4 Nge7 6. Nge2 O-O 7. O-O d6 
8. d3 Be6 9. Nd5 Rb8 10. Bg5 f6 11. Be3 a6 12. Qd2 f5 13. Bg5 Qd7 14. Rac1
Rf7 15. f3 Rbf8 16. b3 Kh8 17. Be3 Ng8 18. exf5 Bxf5 19. f4 Bh6 20. d4 Bh3
21. Bxh3 Qxh3 22. Nec3 exd4 23. Bxd4+ Bg7 1/2-1/2

[Event "CCLA Team Champ, Div 2 Bd 3, S91139"]
[Site "CCLA"]
[Date "2019.10.14"]
[Round "?"]
[White "Lyons, Gage W."]
[Black "Smiley, William R."]
[Result "0-1"]
[WhiteElo "1128"]
[BlackElo "1520"]
[Board "6"]
[WhiteTeam "Snowbirds"]
[BlackTeam "Norsemen"]

1. e4 e5 2. Nf3 Nc6 3. Bb5 a6 4. Ba4 b5 5. Bb3 Nf6 6. Nc3 Be7 7. d4 exd4 
8. Nxd4 Nxd4 9. O-O Nxb3 10. axb3 d6 0-1

[Event "CCLA Team Champ, Div 2 Bd 3, S91139"]
[Site "CCLA"]
[Date "2019.10.14"]
[Round "?"]
[White "Sanchez, David A."]
[Black "Lyons, Brenda M."]
[Result "1/2-1/2"]
[WhiteElo "1449"]
[BlackElo "1209"]
[Board "6"]
[WhiteTeam "Castles West "]
[BlackTeam "Idaho Mountaineers"]

1. d4 Nf6 2. c4 d6 3. Nc3 Nc6 4. Nf3 e6 5. Bg5 Be7 6. e4 h6 7. Bxf6 Bxf6 
8. c5 e5 9. Bb5 Bd7 10. d5 a6 11. dxc6 axb5 12. cxd7+ Qxd7 13. Nd5 O-O 14.
 a3 Qc6 15. cxd6 Qxd6 16. O-O c6 1/2-1/2

[Event "CCLA Team Champ, Div 2 Bd 3, S91139"]
[Site "CCLA"]
[Date "2019.10.14"]
[Round "?"]
[White "Sanchez, David A."]
[Black "Lyons, Gage W."]
[Result "1-0"]
[WhiteElo "1449"]
[BlackElo "1128"]
[Board "6"]
[WhiteTeam "Castles West "]
[BlackTeam "Snowbirds"]

1. e4 e5 2. Nf3 Nc6 3. Bc4 h6 4. c3 Nf6 5. O-O Nxe4 6. d3 Nf6 7. Re1 Nd4 
8. Nxe5 Ne6 9. Be3 d5 10. Bb5+ Bd7 11. Nxd7 Nxd7 12. d4 Bd6 13. Nd2 a6 14.
 Bd3 c5 15. dxc5 Bxc5 16. Bxc5 Nxc5 17. Bc2 O-O 18. Re3 b5 19. Rg3 d4 20. 
Qh5 dxc3 21. Qxh6 g6 22. Bxg6 Ng7 23. Qh7# 1-0

[Event "CCLA Team Champ, Div 2 Bd 3, S91139"]
[Site "CCLA"]
[Date "2019.10.14"]
[Round "?"]
[White "Sanchez, David A."]
[Black "Smiley, William R."]
[Result "1-0"]
[WhiteElo "1449"]
[BlackElo "1520"]
[Board "6"]
[WhiteTeam "Castles West "]
[BlackTeam "Norsemen"]

1. d4 d5 2. c4 dxc4 3. Nf3 e6 4. e3 Nf6 5. Bxc4 Nbd7 6. O-O Be7 7. Nc3 c5 
8. Re1 O-O 9. e4 cxd4 10. Nxd4 e5 11. Nf5 a6 12. Re3 Re8 13. Rg3 g6 14. 
Nh6+ Kg7 15. Nxf7 1-0

[Event "CCLA Team Champ, Div 2 Bd 3, S91139"]
[Site "CCLA"]
[Date "2019.10.14"]
[Round "?"]
[White "Smiley, William R."]
[Black "Lyons, Brenda M."]
[Result "1-0"]
[WhiteElo "1520"]
[BlackElo "1209"]
[Board "6"]
[WhiteTeam "Norsemen"]
[BlackTeam "Idaho Mountaineers"]

1. e4 e5 2. f4 d6 3. Nf3 Bg4 4. Be2 Bxf3 5. Bxf3 exf4 6. d4 Nf6 7. Nc3 Nc6
8. Bxf4 Be7 9. O-O O-O 10. a3 Qd7 11. Qe2 Nxd4 12. Qd3 Nxf3+ 13. Rxf3 a6 
14. Rh3 b5 15. Nd5 Nxd5 16. exd5 c5 17. Qxh7# 1-0

[Event "CCLA Team Champ, Div 2 Bd 3, S91139"]
[Site "CCLA"]
[Date "2019.10.14"]
[Round "?"]
[White "Smiley, William R."]
[Black "Lyons, Gage W."]
[Result "1-0"]
[WhiteElo "1520"]
[BlackElo "1128"]
[Board "6"]
[WhiteTeam "Norsemen"]
[BlackTeam "Snowbirds"]

1. e4 e5 2. f4 d6 3. Nf3 Bg4 4. Be2 Bxf3 5. Bxf3 exf4 6. d4 Nf6 7. Nc3 Be7
8. e5 dxe5 9. Bxb7 Nbd7 10. Bxa8 Qxa8 11. O-O 1-0